000
00321nam a22001337a 4500
003
SGT
082
_a
617.601
_b
L13S
100
_a
SAHU, DEEPSIKHA
245
_a
LOFE STYLE AND ORAL HEALTH
260
_a
DELHI NCR
_b
SGT UNIVERSITY GURUGRAM
_c
2013
300
_a
1-98
650
_a
PUBLIC HEALTH DENTISTRY
942
_2
ddc
_c
TH
999
_c
18840
_d
18840